[Event "Kostroma Volga Cup op"]
[Site "Kostroma"]
[Date "2009.07.??"]
[Round "4"]
[White "Gorbatov, Alexej"]
[Black "Krainov, Alexey"]
[Result "1-0"]
[WhiteElo "2404"]
[BlackElo "2265"]
[PlyCount "57"]
[EventDate "2009.07.03"]
[EventType "swiss"]
[EventRounds "9"]
[EventCountry "RUS"]
[SourceTitle "EXT 2021"]
[Source "ChessBase"]
[SourceDate "2020.10.23"]
[SourceVersion "1"]
[SourceVersionDate "2020.10.23"]
[SourceQuality "1"]

1. c4 Nf6 2. Nc3 d6 3. d4 Nbd7 4. g3 c6 5. Bg2 e5 6. e4 Be7 7. Nge2 0-0 8. 0-0 Re8 9. b3 Qc7 10. Bb2 Nf8 11. f4 exf4 12. gxf4 Ng4 13. Qd3 Nh6 14. f5 Nd7 15. Qg3 Kh8 16. c5 Qb8 17. cxd6 Bxd6 18. e5 Nxe5 19. dxe5 Bc5+ 20. Kh1 Nxf5 21. Rxf5 Bxf5 22. Ne4 Be7 23. Rf1 Be6 24. Nd6 Rf8 25. Nf4 Qc7 26. Nh5 g6 27. Qf4 Rg8 28. Nxf7+ Bxf7 29. e6+ 1-0

[Event "Kostroma Volga Cup op"]
[Site "Kostroma"]
[Date "2009.07.??"]
[Round "5"]
[White "Krainov, Alexey"]
[Black "Dubov, Alexandr"]
[Result "1-0"]
[WhiteElo "2265"]
[BlackElo "2064"]
[PlyCount "121"]
[EventDate "2009.07.03"]
[EventType "swiss"]
[EventRounds "9"]
[EventCountry "RUS"]
[SourceTitle "EXT 2021"]
[Source "ChessBase"]
[SourceDate "2020.10.23"]
[SourceVersion "1"]
[SourceVersionDate "2020.10.23"]
[SourceQuality "1"]

1. d4 d5 2. Nf3 Nf6 3. Bg5 e6 4. e3 Be7 5. Bd3 c5 6. c3 0-0 7. Nbd2 Nbd7 8. Ne5 h6 9. Bh4 cxd4 10. exd4 Nxe5 11. dxe5 Nd7 12. Bg3 f5 13. exf6 Bxf6 14. 0-0 e5 15. c4 Nc5 16. Bc2 d4 17. Ne4 Nxe4 18. Bxe4 Be6 19. b3 Qd7 20. Re1 Bf7 21. Qf3 Rab8 22. Bd3 Rbe8 23. Re2 Re7 24. Qe4 g6 25. Rae1 Rfe8 26. Kf1 Bg7 27. h3 Re6 28. Qd5 Qe7 29. Qa5 b6 30. Qd2 Qf6 31. Be4 Kh7 32. Qd3 h5 33. Bd5 R6e7 34. Bxf7 Qxf7 35. Re4 Qf5 36. Kg1 Kg8 37. Qd1 Rd7 38. Qd3 Rde7 39. Bh4 Rf7 40. Rxd4 exd4 41. Rxe8+ Kh7 42. Qxf5 Rxf5 43. f3 d3 44. Rd8 Re5 45. Rxd3 Re2 46. a4 Be5 47. Bf2 Rb2 48. g3 Kh6 49. f4 Bf6 50. Kg2 h4 51. g4 g5 52. f5 Be5 53. Kf3 Rb1 54. a5 bxa5 55. Bxa7 Rh1 56. Ke4 Bg3 57. Bb6 Kg7 58. Bxa5 Rh2 59. c5 Kf7 60. Bc3 Rxh3 61. Be1 1-0

[Event "Kostroma Volga Cup op"]
[Site "Kostroma"]
[Date "2009.07.??"]
[Round "8"]
[White "Krainov, Alexey"]
[Black "Gorishniy, Yuri"]
[Result "1-0"]
[WhiteElo "2265"]
[BlackElo "2080"]
[PlyCount "87"]
[EventDate "2009.07.03"]
[EventType "swiss"]
[EventRounds "9"]
[EventCountry "RUS"]
[SourceTitle "EXT 2021"]
[Source "ChessBase"]
[SourceDate "2020.10.23"]
[SourceVersion "1"]
[SourceVersionDate "2020.10.23"]
[SourceQuality "1"]

1. d4 Nf6 2. Nf3 g6 3. Bg5 Bg7 4. Nc3 d5 5. Ne5 c5 6. e3 0-0 7. Be2 cxd4 8. exd4 Ne4 9. Nxe4 dxe4 10. Bf4 Qb6 11. Rb1 Rd8 12. c3 Bxe5 13. Bxe5 Bf5 14. Qb3 Qxb3 15. axb3 Nc6 16. Bf4 e3 17. Ra1 exf2+ 18. Kxf2 f6 19. Bc4+ Kg7 20. d5 Ne5 21. Bxe5 fxe5 22. Ke3 Rd6 23. h3 e6 24. dxe6 a6 25. Rad1 Rxd1 26. Rxd1 Kf6 27. Rd7 Bxe6 28. Rxb7 Bxc4 29. bxc4 h5 30. Ke4 a5 31. Rb6+ Kg5 32. c5 a4 33. c6 a3 34. bxa3 Rxa3 35. Kxe5 Rxc3 36. Kd6 Rd3+ 37. Ke7 Rc3 38. Kd7 Rd3+ 39. Kc8 Rd2 40. c7 Rxg2 41. Kd7 Rd2+ 42. Rd6 Rc2 43. Rc6 Rd2+ 44. Ke7 1-0

[Event "Kostroma Volga Cup op"]
[Site "Kostroma"]
[Date "2009.07.??"]
[Round "2"]
[White "Mironov, Vadim"]
[Black "Krainov, Alexey"]
[Result "1/2-1/2"]
[WhiteElo "1983"]
[BlackElo "2265"]
[PlyCount "135"]
[EventDate "2009.07.03"]
[EventType "swiss"]
[EventRounds "9"]
[EventCountry "RUS"]
[SourceTitle "EXT 2021"]
[Source "ChessBase"]
[SourceDate "2020.10.23"]
[SourceVersion "1"]
[SourceVersionDate "2020.10.23"]
[SourceQuality "1"]

1. e4 c6 2. d4 d5 3. exd5 cxd5 4. Bd3 g6 5. Nf3 Bg7 6. 0-0 Nh6 7. c3 0-0 8. Re1 Nc6 9. Qb3 f6 10. Bf4 Nf7 11. Bg3 e5 12. dxe5 fxe5 13. Bf1 Kh8 14. Na3 Bg4 15. Qxb7 Na5 16. Qa6 Bxf3 17. gxf3 Qb6 18. Qxb6 axb6 19. Rad1 Rad8 20. h4 Nc6 21. Nc2 Nh6 22. Bb5 Na7 23. Ba4 Nf5 24. Bxe5 Nxh4 25. Bxg7+ Kxg7 26. Re7+ Rf7 27. Rxf7+ Kxf7 28. Bb3 Nxf3+ 29. Kg2 Nh4+ 30. Kh3 Nf5 31. Rxd5 Rxd5 32. Bxd5+ Kf6 33. f4 Nb5 34. a4 Nc7 35. Bb7 Nd6 36. Bc6 Kf5 37. Kg3 Ne4+ 38. Kf3 Nd2+ 39. Ke2 Nc4 40. Ne3+ Nxe3 41. Kxe3 Ke6 42. b4 Kd6 43. Be4 Ne6 44. f5 Nf8 45. fxg6 hxg6 46. Kf4 Ne6+ 47. Kg4 Nc7 48. Bb7 Ne6 49. Be4 Nc7 50. Kg5 Ne6+ 51. Kg4 Nc7 52. Kf4 Ne6+ 53. Ke3 g5 54. Bf5 Nc7 55. Kd4 Nd5 56. Be4 Nc7 57. Bf5 Nd5 58. Bg4 Nf6 59. Bf3 g4 60. Bh1 Nh5 61. c4 Ng3 62. Be4 Ne2+ 63. Kd3 Nc1+ 64. Kc2 Na2 65. Kb3 Nc1+ 66. Kb2 Ne2 67. Kb3 g3 68. a5 1/2-1/2

[Event "Kostroma Volga Cup op"]
[Site "Kostroma"]
[Date "2008.07.??"]
[Round "3"]
[White "Krainov, Alexey"]
[Black "Smirnov, Alexander1"]
[Result "0-1"]
[WhiteElo "2209"]
[BlackElo "2206"]
[PlyCount "176"]
[EventDate "2008.07.??"]
[EventType "swiss"]
[EventRounds "9"]
[EventCountry "RUS"]
[SourceTitle "EXT 2009"]
[Source "ChessBase"]
[SourceDate "2008.11.26"]
[SourceVersion "1"]
[SourceVersionDate "2008.11.26"]
[SourceQuality "1"]

1. d4 e6 2. Nf3 f5 3. Nc3 Nf6 4. Bg5 Bb4 5. Qd3 0-0 6. e3 d5 7. a3 Be7 8. Be2 b6 9. 0-0 Nbd7 10. Nb5 a6 11. Nc3 Bb7 12. Na2 h6 13. Bf4 g5 14. Be5 Ne4 15. Qd1 Bf6 16. Bxf6 Qxf6 17. c4 dxc4 18. Bxc4 Kh8 19. Nc3 Nxc3 20. bxc3 g4 21. Ne1 e5 22. Qb3 f4 23. exf4 exd4 24. cxd4 Qxf4 25. Bd5 Bxd5 26. Qxd5 Rad8 27. Nd3 Qf5 28. Qc4 Nf6 29. Rad1 Nd5 30. Qc1 Rd6 31. Qd2 Nf4 32. Nxf4 Qxf4 33. Qc3 Rd5 34. Rd3 Rfd8 35. Rfd1 R8d7 36. g3 Qf6 37. Re1 Rxd4 38. Rxd4 Qxd4 39. Qb3 Kg7 40. Qe6 Rf7 41. Qe2 c5 42. Qc2 Qf6 43. Re4 h5 44. a4 Re7 45. Qe2 Rxe4 46. Qxe4 a5 47. Qb7+ Kh6 48. Qe4 Qf7 49. Qe3+ Kg6 50. Qe4+ Qf5 51. Qe8+ Qf7 52. Qc6+ Qf6 53. Qe8+ Kg5 54. Qe4 Qd6 55. h4+ Kf6 56. Kg2 Qe6 57. Qf4+ Ke7 58. Qc7+ Ke8 59. Qb8+ Kf7 60. Qc7+ Kg6 61. Qd8 Qc6+ 62. Kh2 Qf6 63. Qe8+ Kg7 64. Kg1 c4 65. Qxh5 c3 66. Qxg4+ Kh6 67. Qc4 Qf3 68. Qb3 Kh5 69. Qb5+ Kg4 70. Qd7+ Kh5 71. Qe8+ Kg4 72. Qe6+ Kh5 73. Qe5+ Kg4 74. Qe6+ Kh5 75. Qg8 Kh6 76. Qg5+ Kh7 77. h5 Qd1+ 78. Kh2 Qd3 79. g4 c2 80. Qe7+ Kg8 81. Qc7 Qd2 82. Qc8+ Kf7 83. Qc7+ Ke6 84. Qc8+ Ke5 85. Qe8+ Kf4 86. Qf7+ Ke4 87. Qe6+ Kf3 88. Qf5+ Qf4+ 0-1

[Event "Kostroma Volga Cup op"]
[Site "Kostroma"]
[Date "2008.07.??"]
[Round "4"]
[White "Larina, Marija"]
[Black "Krainov, Alexey"]
[Result "0-1"]
[WhiteElo "2102"]
[BlackElo "2209"]
[PlyCount "63"]
[EventDate "2008.07.??"]
[EventType "swiss"]
[EventRounds "9"]
[EventCountry "RUS"]
[SourceTitle "EXT 2009"]
[Source "ChessBase"]
[SourceDate "2008.11.26"]
[SourceVersion "1"]
[SourceVersionDate "2008.11.26"]
[SourceQuality "1"]

1. e4 c6 2. d4 d5 3. Nc3 g6 4. e5 h5 5. Bd3 Nh6 6. Nf3 Bg4 7. h3 Bxf3 8. Qxf3 e6 9. g4 Ng8 10. Ne2 Qb6 11. c3 c5 12. gxh5 gxh5 13. Nf4 Nd7 14. Bg6 fxg6 15. Nxg6 Rh7 16. Nxf8 Nxf8 17. Rg1 Ne7 18. dxc5 Qxc5 19. Be3 Qc6 20. 0-0-0 0-0-0 21. Bxa7 Nf5 22. Be3 Nd7 23. Bf4 Rf8 24. Rg5 Qa4 25. Bg3 Nxg3 26. Qxg3 Qf4+ 27. Rd2 Qxg3 28. fxg3 Rh6 29. Rd4 Rf1+ 30. Kc2 Re1 31. c4 Nb6 32. cxd5 0-1

[Event "Moscow Aeroflot op-C"]
[Site "Moscow"]
[Date "2006.02.13"]
[Round "7"]
[White "Krainov, Alexey"]
[Black "Kovanova, Baira"]
[Result "0-1"]
[WhiteElo "2215"]
[BlackElo "2307"]
[PlyCount "72"]
[EventDate "2006.02.07"]
[EventType "swiss"]
[EventRounds "9"]
[EventCountry "RUS"]
[SourceTitle "EXT 2007"]
[Source "ChessBase"]
[SourceDate "2006.11.23"]
[SourceVersion "1"]
[SourceVersionDate "2006.11.23"]
[SourceQuality "1"]

1. e4 e5 2. Nf3 Nc6 3. Bb5 a6 4. Ba4 Nf6 5. 0-0 Be7 6. Re1 b5 7. Bb3 d6 8. c3 0-0 9. h3 Na5 10. Bc2 c5 11. d4 Qc7 12. Nbd2 cxd4 13. cxd4 Nc6 14. d5 Na5 15. b4 Nc4 16. Nxc4 Qxc4 17. Bd2 Qc7 18. Bd3 Bd7 19. Qe2 Qb7 20. Be3 Bd8 21. Nd2 Bb6 22. Nb3 Rac8 23. Rec1 Bxe3 24. Qxe3 Nh5 25. Na5 Qb8 26. Bf1 Nf4 27. g3 Nxh3+ 28. Kh2 f5 29. Bxh3 f4 30. Qd2 Bxh3 31. Kxh3 Rxc1 32. Rxc1 Qe8 33. g4 h5 34. Nc6 hxg4+ 35. Kg2 f3+ 36. Kg3 Qh5 0-1

[Event "Moscow Aeroflot op-C"]
[Site "Moscow"]
[Date "2006.02.08"]
[Round "2"]
[White "Mamedjarova, Turkan"]
[Black "Krainov, Alexey"]
[Result "0-1"]
[WhiteElo "2280"]
[BlackElo "2215"]
[PlyCount "78"]
[EventDate "2006.02.07"]
[EventType "swiss"]
[EventRounds "9"]
[EventCountry "RUS"]
[SourceTitle "EXT 2007"]
[Source "ChessBase"]
[SourceDate "2006.11.23"]
[SourceVersion "1"]
[SourceVersionDate "2006.11.23"]
[SourceQuality "1"]

1. e4 e6 2. d4 d5 3. Nd2 Nf6 4. e5 Nfd7 5. c3 c5 6. Bd3 Nc6 7. Ne2 cxd4 8. cxd4 f6 9. exf6 Nxf6 10. 0-0 Bd6 11. Nf3 0-0 12. Bf4 Bxf4 13. Nxf4 Ne4 14. Ne2 Rxf3 15. gxf3 Ng5 16. f4 Nh3+ 17. Kg2 Qh4 18. f3 Nxf4+ 19. Nxf4 Qxf4 20. Qc1 Qxd4 21. Rd1 Qf6 22. Qc2 g6 23. Qf2 Bd7 24. a3 Rf8 25. Bb5 a6 26. Be2 Ne5 27. Qe3 Nc6 28. Qf2 d4 29. Bd3 e5 30. Be4 Bf5 31. Re1 Nd8 32. Qg3 Bxe4 33. Rxe4 Ne6 34. Qxe5 Qxf3+ 35. Kg1 Nf4 36. Rxf4 Rxf4 37. Qe6+ Kg7 38. h3 Qg3+ 39. Kh1 Rf2 0-1

[Event "Vladimir op"]
[Site "Vladimir"]
[Date "2004.08.21"]
[Round "4"]
[White "Krainov, Alexey"]
[Black "Schupaleev, Andrey"]
[Result "0-1"]
[WhiteElo "2140"]
[BlackElo "2309"]
[PlyCount "70"]
[EventDate "2004.08.18"]
[EventType "swiss"]
[EventRounds "9"]
[EventCountry "RUS"]
[SourceTitle "EXT 2005"]
[Source "ChessBase"]
[SourceDate "2004.11.15"]
[SourceVersion "1"]
[SourceVersionDate "2004.11.15"]
[SourceQuality "1"]

1. e4 c5 2. Nf3 e6 3. d4 cxd4 4. Nxd4 a6 5. Bd3 Nf6 6. 0-0 d6 7. b3 Bd7 8. Bb2 Nc6 9. Nxc6 Bxc6 10. Nd2 Be7 11. Qe2 0-0 12. f4 Nd7 13. c4 Bf6 14. Bxf6 Qxf6 15. Kh1 Rfd8 16. Rae1 Nc5 17. Bb1 b5 18. b4 Na4 19. e5 Qh6 20. exd6 Rxd6 21. Ne4 Rd4 22. Ng5 Rad8 23. Bxh7+ Kf8 24. Qg4 Rd2 25. Be4 f5 26. Nxe6+ Qxe6 27. Bxc6 Qxc6 28. Qxf5+ Kg8 29. Qg4 Qxc4 30. Rc1 Nc3 31. h4 Qe2 32. Qg6 Qe4 33. Qg5 R8d3 34. f5 Rh3+ 35. Kg1 Qd4+ 0-1

[Event "Vladimir op"]
[Site "Vladimir"]
[Date "2004.08.19"]
[Round "2"]
[White "Krainov, Alexey"]
[Black "Mishin, Alexei"]
[Result "0-1"]
[WhiteElo "2140"]
[BlackElo "2330"]
[PlyCount "56"]
[EventDate "2004.08.18"]
[EventType "swiss"]
[EventRounds "9"]
[EventCountry "RUS"]
[SourceTitle "EXT 2005"]
[Source "ChessBase"]
[SourceDate "2004.11.15"]
[SourceVersion "1"]
[SourceVersionDate "2004.11.15"]
[SourceQuality "1"]

1. e4 c5 2. Nf3 g6 3. d4 cxd4 4. Nxd4 Nc6 5. Be3 Nf6 6. Nc3 Bg7 7. Nxc6 bxc6 8. e5 Nd5 9. Nxd5 cxd5 10. Qxd5 Rb8 11. Bc4 0-0 12. 0-0 Qc7 13. f4 d6 14. Bb3 Ba6 15. exd6 exd6 16. f5 Bxf1 17. Rxf1 Bxb2 18. fxg6 hxg6 19. Qg5 Bg7 20. Rf3 a6 21. h4 Rb5 22. Qg4 Qc3 23. Rg3 Qe1+ 24. Kh2 Rh5 25. Bf4 d5 26. Bg5 Be5 27. Bf4 Bd4 28. Qxh5 Qg1+ 0-1

[Event "Vladimir op"]
[Site "Vladimir"]
[Date "2004.08.18"]
[Round "1"]
[White "Ivanov, Victor L"]
[Black "Krainov, Alexey"]
[Result "1-0"]
[WhiteElo "2459"]
[BlackElo "2140"]
[PlyCount "103"]
[EventDate "2004.08.18"]
[EventType "swiss"]
[EventRounds "9"]
[EventCountry "RUS"]
[SourceTitle "EXT 2005"]
[Source "ChessBase"]
[SourceDate "2004.11.15"]
[SourceVersion "1"]
[SourceVersionDate "2004.11.15"]
[SourceQuality "1"]

1. e4 e6 2. d4 d5 3. Nd2 Nf6 4. e5 Nfd7 5. c3 c5 6. Bd3 Nc6 7. Ne2 cxd4 8. cxd4 f6 9. exf6 Nxf6 10. 0-0 Bd6 11. Nf3 0-0 12. Bf4 Bxf4 13. Nxf4 Ne4 14. g3 Ng5 15. Ne5 Nxe5 16. dxe5 Rxf4 17. gxf4 Nh3+ 18. Kh1 Nxf4 19. Rg1 Qf8 20. Rg4 Bd7 21. Qd2 Nxd3 22. Qxd3 Be8 23. Kg1 Rc8 24. Qe3 Rc2 25. Rc1 Rxb2 26. Rc7 Bg6 27. h4 Qd8 28. Qc5 Rc2 29. Rxg7+ Kxg7 30. Qxc2 Kf7 31. Qc5 Bf5 32. Rf4 b6 33. Qc3 Qd7 34. Kh2 h6 35. h5 Kg8 36. Qg3+ Qg7 37. Ra4 a5 38. Qxg7+ Kxg7 39. Ra3 Kf7 40. Rb3 Bg4 41. Rxb6 Bxh5 42. Ra6 Be2 43. Rxa5 Kg6 44. Ra8 Kf5 45. a4 d4 46. a5 Bc4 47. a6 d3 48. a7 d2 49. Rf8+ Kxe5 50. a8Q d1Q 51. Qb8+ Qd6 52. f4+ 1-0

[Event "RUS-chT Clubs U18"]
[Site "Rybinsk"]
[Date "2004.08.??"]
[Round "6"]
[White "Krainov, Alexey"]
[Black "Morev, Ivan"]
[Result "0-1"]
[WhiteElo "2080"]
[BlackElo "2089"]
[PlyCount "67"]
[EventDate "2004.08.??"]
[EventType "tourn"]
[EventRounds "9"]
[EventCountry "RUS"]
[SourceTitle "EXT 2005"]
[Source "ChessBase"]
[SourceDate "2004.11.15"]
[SourceVersion "1"]
[SourceVersionDate "2004.11.15"]
[SourceQuality "1"]

1. e4 d6 2. d4 Nf6 3. Nc3 g6 4. Be3 c6 5. Qd2 b5 6. f3 Bg7 7. 0-0-0 0-0 8. h4 h5 9. Nh3 Nbd7 10. Nf4 Nb6 11. g4 b4 12. Nb1 Qc7 13. g5 Nfd7 14. Qxb4 c5 15. Qd2 e5 16. dxe5 Nxe5 17. Nd5 Nxd5 18. Qxd5 Rb8 19. b3 Qa5 20. Qxd6 Qxa2 21. Qxc5 Rxb3 22. cxb3 Be6 23. Qa3 Rc8+ 24. Bc4 Qg2 25. Nd2 Bxc4 26. bxc4 Qe2 27. Rhe1 Nd3+ 28. Kb1 Rb8+ 29. Ka2 Nxe1 30. Rb1 Rd8 31. Qa5 Rd3 32. Bf4 Nxf3 33. Rb8+ Kh7 34. Rd8 0-1

[Event "RUS-ch U16"]
[Site "Dagomys"]
[Date "2004.04.??"]
[Round "?"]
[White "Moskalenko, Alexander"]
[Black "Krainov, Alexey"]
[Result "1-0"]
[WhiteElo "2300"]
[BlackElo "2080"]
[PlyCount "70"]
[EventDate "2004.04.??"]
[EventType "swiss"]
[EventRounds "10"]
[EventCountry "RUS"]
[SourceTitle "EXT 2005"]
[Source "ChessBase"]
[SourceDate "2004.11.15"]
[SourceVersion "1"]
[SourceVersionDate "2004.11.15"]
[SourceQuality "1"]

1. d4 g6 2. e4 Bg7 3. Nf3 c6 4. Nc3 d5 5. h3 dxe4 6. Nxe4 Nd7 7. Qe2 Ndf6 8. Nc5 Nd7 9. Nd3 Ngf6 10. g3 0-0 11. Bg2 c5 12. dxc5 Nxc5 13. Nxc5 Qa5+ 14. c3 Qxc5 15. Be3 Qc7 16. Bf4 Qb6 17. 0-0 Be6 18. Be5 Bd5 19. c4 Bc6 20. Bc3 Rfe8 21. Rad1 Ne4 22. Bxg7 Kxg7 23. Nd4 e5 24. Nxc6 Nxg3 25. Qf3 Nxf1 26. Rd7 Rf8 27. Nxe5 Qe6 28. Ng4 h5 29. Qc3+ Kh7 30. Nf6+ Kh6 31. Kxf1 Rac8 32. Bd5 Qf5 33. Bxf7 Rc6 34. Qd2+ g5 35. Ng8+ Rxg8 1-0